[Event "Dimitrovgrad Summer op"]
[Site "Dimitrovgrad"]
[Date "2013.06.29"]
[Round "4"]
[White "Beldyugin, Alexey"]
[Black "Akimov, Gennadiy"]
[Result "1-0"]
[WhiteElo "2080"]
[BlackElo "1920"]
[PlyCount "39"]
[EventDate "2013.06.22"]
[EventType "swiss"]
[EventRounds "9"]
[EventCountry "RUS"]
[SourceTitle "EXT 2014"]
[Source "ChessBase"]
[SourceDate "2013.11.20"]
[SourceVersion "1"]
[SourceVersionDate "2013.11.20"]
[SourceQuality "1"]

1. Nf3 Nc6 2. d4 e6 3. g3 f5 4. d5 exd5 5. Qxd5 d6 6. Bg2 Nf6 7. Qb3 Qe7 8. 0-0 Qe6 9. c4 h6 10. Nh4 Nd4 11. Qd1 Qxc4 12. Nc3 g5 13. Ng6 Rg8 14. Nxf8 Kxf8 15. Be3 Ne6 16. Rc1 Qb4 17. Nd5 Qxb2 18. Nxc7 Nxc7 19. Qxd6+ Kf7 20. Rxc7+ 1-0

[Event "Uljanovsk Volga op"]
[Site "Uljanovsk"]
[Date "2011.01.05"]
[Round "5"]
[White "Akimov, Gennadiy"]
[Black "Pirogov, Vyatchslav"]
[Result "0-1"]
[WhiteElo "1963"]
[BlackElo "2385"]
[PlyCount "72"]
[EventDate "2011.01.03"]
[EventType "swiss"]
[EventRounds "9"]
[EventCountry "RUS"]
[SourceTitle "CBM 140 Extra"]
[Source "ChessBase"]
[SourceDate "2011.03.01"]
[SourceVersion "1"]
[SourceVersionDate "2011.03.01"]
[SourceQuality "1"]

1. b3 e5 2. Bb2 Nc6 3. e3 Nf6 4. Nf3 e4 5. Nd4 Nxd4 6. Bxd4 d5 7. c4 dxc4 8. Bxc4 Be7 9. 0-0 0-0 10. d3 c5 11. Bb2 Bf5 12. d4 Bd6 13. Be2 Qc7 14. h3 Rad8 15. Na3 a6 16. Nc4 Bh2+ 17. Kh1 b5 18. Nd2 cxd4 19. Bxd4 Be5 20. Bxe5 Qxe5 21. Rc1 Rd6 22. Rc2 Rfd8 23. Qc1 Nd5 24. g4 Rh6 25. Kg2 Rg6 26. Rh1 h5 27. Nf1 hxg4 28. h4 g3 29. Nxg3 Rdd6 30. h5 Rg5 31. a4 Rf6 32. axb5 axb5 33. Rh4 Be6 34. Rc8+ Kh7 35. h6 Rxf2+ 36. Kh1 Qxg3 0-1

[Event "Dimitrovgrad Petrosian Memorial op"]
[Site "Dimitrovgrad"]
[Date "2009.06.19"]
[Round "3"]
[White "Leontiev, Ilja"]
[Black "Akimov, Gennadiy"]
[Result "1/2-1/2"]
[WhiteElo "1652"]
[BlackElo "2017"]
[PlyCount "23"]
[EventDate "2009.06.17"]
[EventType "swiss"]
[EventRounds "9"]
[EventCountry "RUS"]
[SourceTitle "CBM 131 Extra"]
[Source "ChessBase"]
[SourceDate "2009.09.03"]
[SourceVersion "2"]
[SourceVersionDate "2009.09.16"]
[SourceQuality "1"]

1. Nf3 b6 2. d4 Bb7 3. e3 g6 4. Bd3 f5 5. c4 Bg7 6. Nc3 Nf6 7. Qb3 0-0 8. Bd2 e6 9. c5 Kh8 10. 0-0-0 d5 11. Ne5 Ne4 12. Bxe4 1/2-1/2

[Event "Dimitrovgrad Petrosian Memorial op"]
[Site "Dimitrovgrad"]
[Date "2009.06.17"]
[Round "1"]
[White "Predke, Alexandr"]
[Black "Akimov, Gennadiy"]
[Result "1/2-1/2"]
[WhiteElo "2353"]
[BlackElo "2017"]
[PlyCount "21"]
[EventDate "2009.06.17"]
[EventType "swiss"]
[EventRounds "9"]
[EventCountry "RUS"]
[SourceTitle "CBM 131 Extra"]
[Source "ChessBase"]
[SourceDate "2009.09.03"]
[SourceVersion "2"]
[SourceVersionDate "2009.09.16"]
[SourceQuality "1"]

1. e4 c5 2. Nf3 d6 3. d4 cxd4 4. Nxd4 Nf6 5. Nc3 g6 6. Be3 Bg7 7. f3 0-0 8. Qd2 Bd7 9. Bc4 Nc6 10. 0-0-0 Rc8 11. Bb3 1/2-1/2

[Event "Dimitrovgrad-ch"]
[Site "Dimitrovgrad"]
[Date "2009.??.??"]
[Round "1"]
[White "Alachihin, Vladimir"]
[Black "Akimov, Gennadiy"]
[Result "1-0"]
[WhiteElo "2200"]
[BlackElo "2015"]
[PlyCount "51"]
[EventDate "2009.08.??"]
[EventType "swiss"]
[EventRounds "9"]
[EventCountry "RUS"]
[SourceTitle "EXT 2012"]
[Source "ChessBase"]
[SourceDate "2011.11.24"]
[SourceVersion "1"]
[SourceVersionDate "2011.11.24"]
[SourceQuality "1"]

1. e4 e5 2. Nf3 Nc6 3. d4 d6 4. d5 Nce7 5. Nc3 Nf6 6. Bg5 Bg4 7. Be2 h6 8. Bxf6 gxf6 9. Qd2 Qd7 10. 0-0-0 0-0-0 11. Bb5 c6 12. dxc6 Nxc6 13. Nd5 Be7 14. Nxe7+ Qxe7 15. Bxc6 bxc6 16. Qa5 Qb7 17. Rd3 Bxf3 18. Rxf3 Qe7 19. Ra3 Kb8 20. Rd1 Rhg8 21. g3 Ka8 22. Rdd3 Rb8 23. Rdc3 c5 24. Ra4 Qb7 25. b4 cxb4 26. Rc7 1-0

[Event "Uljanovsk Petrosian Memorial op"]
[Site "Uljanovsk"]
[Date "2008.06.16"]
[Round "3"]
[White "Akimov, Gennadiy"]
[Black "Zvjgincev, Valentin"]
[Result "0-1"]
[WhiteElo "2072"]
[BlackElo "2006"]
[PlyCount "96"]
[EventDate "2008.06.14"]
[EventType "swiss"]
[EventRounds "9"]
[EventCountry "RUS"]
[SourceTitle "EXT 2022"]
[Source "ChessBase"]
[SourceDate "2021.10.06"]
[SourceVersion "1"]
[SourceVersionDate "2021.10.06"]
[SourceQuality "1"]

1. d4 g6 2. g3 Bg7 3. Bg2 d5 4. Nf3 Nf6 5. 0-0 0-0 6. Bg5 h6 7. Bf4 c6 8. h4 Nbd7 9. Qd2 Kh7 10. Nc3 Ne4 11. Nxe4 dxe4 12. Nh2 f5 13. c3 e6 14. f3 exf3 15. Nxf3 Qb6 16. Kh1 Nf6 17. Ne5 Nd5 18. e4 Nxf4 19. gxf4 Qd8 20. Qf2 Rg8 21. Bf3 Bxe5 22. dxe5 Bd7 23. Rg1 Qe7 24. Rg2 Rg7 25. Rag1 Rag8 26. Qg3 c5 27. Rh2 Bc6 28. Re1 b6 29. Qf2 Qb7 30. Qe3 Rd8 31. Bg2 c4 32. Qe2 Rd3 33. exf5 gxf5 34. Qf2 Rdg3 35. Rg1 R7g4 36. h5 b5 37. Qd2 Bd5 38. Qf2 a5 39. Qd2 b4 40. Qf2 Kg7 41. Qd2 Kf7 42. Qf2 Ke8 43. Qd2 Kd8 44. Rd1 Ke7 45. Bxd5 exd5 46. Qd4 Rxf4 47. Qc5+ Ke8 48. Rg2 d4 0-1